000 00346nam a2200145Ia 4500
008 151213s9999 xx 000 0 und d
100 _aR. K. Narayan
245 _aThe Guide
_cR. K. Narayan
260 _aNew York
_bPenguin Books
_c1958
300 _a3143 p.
650 _aEnglish
650 _aEnglish
700 _aR. K. Narayan
999 _c2168
_d2168